MARC details
| 000 -CABECERA |
| campo de control de longitud fija |
02278nam a22003854i 4500 |
| 001 - NÚMERO DE CONTROL |
| campo de control |
991061742702806706 |
| 003 - IDENTIFICADOR DEL NÚMERO DE CONTROL |
| campo de control |
ES-BaIT |
| 005 - FECHA Y HORA DE LA ÚLTIMA TRANSACCIÓN |
| campo de control |
20260413124241.0 |
| 008 - DATOS DE LONGITUD FIJA--INFORMACIÓN GENERAL |
| campo de control de longitud fija |
260413e202603 sp 000 0 spa c |
| 017 ## - NÚMERO DE COPYRIGHT O DE DEPÓSITO LEGAL |
| Número de copyright o de depósito legal |
DL M-4539- 2026 |
| Agencia que asigna |
Oficina DL Madrid |
| 020 ## - NÚMERO INTERNACIONAL ESTÁNDAR DEL LIBRO |
| Número Internacional Estándar del Libro |
9788418657887 |
| 020 ## - NÚMERO INTERNACIONAL ESTÁNDAR DEL LIBRO |
| Número Internacional Estándar del Libro |
841865788X |
| 040 ## - FUENTE DE LA CATALOGACIÓN |
| Centro catalogador/agencia de origen |
ES-BaIT |
| Lengua de catalogación |
cat |
| Normas de descripción |
rda |
| Centro/agencia transcriptor |
ES-BaIT |
| 080 ## - NÚMERO DE LA CLASIFICACIÓN DECIMAL UNIVERSAL |
| Número de la Clasificación Decimal Universal |
793 |
| 100 ## - ENTRADA PRINCIPAL--NOMBRE DE PERSONA |
| Nombre de persona |
Luz, Joaquin de , |
| Fechas asociadas al nombre |
1976- |
| Término indicativo de función/relación |
autor |
| 9 (RLIN) |
146091 |
| 245 13 - MENCIÓN DE TÍTULO |
| Título |
El Cerebro en la danza : |
| Resto del título |
movimiento, cuerpo, mente / |
| Mención de responsabilidad, etc. |
Joaquín de Luz, Nazareth Castellanos |
| 250 ## - MENCIÓN DE EDICIÓN |
| Mención de edición |
1ª edición |
| 264 #1 - PRODUCCIÓN, PUBLICACIÓN, DISTRIBUCIÓN, FABRICACIÓN Y COPYRIGHT |
| Producción, publicación, distribución, fabricación y copyright |
Madrid : |
| Nombre del de productor, editor, distribuidor, fabricante |
La Huerta Grande, |
| Fecha de producción, publicación, distribución, fabricación o copyright |
marzo 2026 |
| 300 ## - DESCRIPCIÓN FÍSICA |
| Extensión |
136 pàgines ; |
| Dimensiones |
20 cm |
| 336 ## - TIPO DE CONTENIDO |
| Término de tipo de contenido |
text |
| Código de tipo de contenido |
txt |
| Fuente |
rdacontent |
| 337 ## - TIPO DE MEDIO |
| Nombre/término del tipo de medio |
sense mediació |
| Código del tipo de medio |
n |
| Fuente |
rdamedia |
| 338 ## - TIPO DE SOPORTE |
| Nombre/término del tipo de soporte |
volum |
| Código del tipo de soporte |
nc |
| Fuente |
rdacarrier |
| 490 0# - MENCIÓN DE SERIE |
| Mención de serie |
Colección La Huerta grande ensayo ; |
| Designación de volumen o secuencia |
39 |
| 504 ## - NOTA DE BIBLIOGRAFÍA, ETC. |
| Nota de bibliografía, etc. |
Bibliografia pàgines: 125-128 |
| 520 ## - SUMARIO, ETC. |
| Sumario, etc. |
"Este libro nace de unir dos pasiones y de un empeño: ir más allá de la distancia de una lupa, de las fronteras de un laboratorio, de una partitura o de un escenario. Nazareth Castellanos y Joaquín de Luz se unen para pensar esas contradicciones hermosas a las que conduce una vida plena, aquellas que la danza, la ciencia y el estudio llevan en su seno. A lo largo del ensayo, la danza deja de ser solo una forma de expresión artística para reverlarse también como una medicina poderosa, capaz de influir en la memoria, la atención, el estado de ánimo y el bienestar emocional. De la neurociencia del cuerpo a la experiencia viva del movimiento, El cerebro en danza muestra cómo el gesto, la apostura, la respiración y el ritmo transforman la manera en que habitamos el mundo. Con un lenguaje cercano y riguroso, El cerebro en danza se dirige a lectores interesados en la ciencia y el bienestar y también a amantes de la danza, las artes escénicas y la cultura contemporánea. Un libro que invita a sentir, comprender y moverse de otra manera" -- Contracoberta |
| 650 #4 - PUNTO DE ACCESO ADICIONAL DE MATERIA--TÉRMINO DE MATERIA |
| Término de materia o nombre geográfico como elemento de entrada |
Ment i cos |
| 9 (RLIN) |
57264 |
| 650 #4 - PUNTO DE ACCESO ADICIONAL DE MATERIA--TÉRMINO DE MATERIA |
| Término de materia o nombre geográfico como elemento de entrada |
Dansa |
| Subdivisión general |
Aspectes psicològics |
| 9 (RLIN) |
81041 |
| 650 #7 - PUNTO DE ACCESO ADICIONAL DE MATERIA--TÉRMINO DE MATERIA |
| Término de materia o nombre geográfico como elemento de entrada |
Moviment |
| 9 (RLIN) |
57326 |
| 650 #7 - PUNTO DE ACCESO ADICIONAL DE MATERIA--TÉRMINO DE MATERIA |
| Término de materia o nombre geográfico como elemento de entrada |
Neuropsicologia |
| 9 (RLIN) |
57443 |
| 650 #7 - PUNTO DE ACCESO ADICIONAL DE MATERIA--TÉRMINO DE MATERIA |
| Término de materia o nombre geográfico como elemento de entrada |
Respiració |
| 9 (RLIN) |
57673 |
| 700 1# - ENTRADA AGREGADA--NOMBRE PERSONAL |
| Nombre de persona |
Castellanos, Nazareth |
| Término indicativo de función/relación |
autor |
| 9 (RLIN) |
164856 |
| 908 ## - COLOCAR PARÁMETRO DE COMANDO (RLIN) |
| Colocar parámetro de comando |
CDMAE |
| 940 ## - EQUIVALENCIA O REFERENCIA-CRUZADA--TÍTULO UNIFORME [OBSOLETO] [solamente CAN/MARC] |
| Título uniforme |
<a href="CDMAE">CDMAE</a> |
| 942 ## - ELEMENTOS DE ENTRADA AGREGADA (KOHA) |
| Fuente del sistema de clasificación o colocación |
Clasificación decimal universal |
| Tipo de ítem Koha |
Llibre |